[Event "Seattle Summer Kickoff (K)"]
[Site "Chess.com"]
[Date "2020.06.13"]
[Round "5"]
[White "Vadher, Preash"]
[Black "Malugu, Sankalp"]
[Result "0-1"]
[WhiteElo "734"]
[BlackElo "806"]
[PlyCount "98"]
[EventDate "2020.??.??"]
[SourceDate "2020.06.27"]

1. e4 e5 2. Nf3 Nc6 3. Bb5 Nf6 4. Nc3 Bb4 5. O-O O-O 6. d3 d6 7. Bg5 Bg4 8. a3
h6 9. axb4 hxg5 10. Nxg5 Bxd1 11. Raxd1 Nxb4 12. Bc4 Ng4 13. Bxf7+ Rxf7 14.
Nxf7 Kxf7 15. Rd2 Qh4 16. h3 Qg5 17. Rfd1 Nh6 18. Nb5 c6 19. Nc7 Rc8 20. c3
Rxc7 21. cxb4 c5 22. bxc5 Rxc5 23. b4 Rb5 24. Rb2 Qh5 25. Rc1 a5 26. Rc7+ Kg6
27. Rc4 axb4 28. Rbxb4 Rxb4 29. Rxb4 Qd1+ 30. Kh2 Qe1 31. Rxb7 Qxf2 32. Rb6
Qxb6 33. g4 Qf2+ 34. Kh1 Qg3 35. g5 Qxh3+ 36. Kg1 Ng4 37. d4 Ne3 38. Kf2 Nd1+
39. Ke1 Qh1+ 40. Kd2 Kxg5 41. dxe5 dxe5 42. Kd3 Kf4 43. Kc4 Qxe4+ 44. Kc5 Qd4+
45. Kc6 Qc4+ 46. Kd6 Ne3 47. Ke7 Nf5+ 48. Kf8 Qc7 49. Ke8 Qe7# 0-1

[Event "Seattle Summer Kickoff (K)"]
[Site "Chess.com"]
[Date "2020.06.13"]
[Round "5"]
[White "Xu, Owen"]
[Black "Holbrook, William"]
[Result "1-0"]
[WhiteElo "969"]
[BlackElo "800"]
[PlyCount "65"]
[EventDate "2020.??.??"]
[SourceDate "2020.06.27"]

1. e4 e6 2. d4 d5 3. Nc3 c5 4. Bb5+ Nc6 5. Be3 Qb6 6. Nf3 dxe4 7. Nxe4 Qxb5 8.
Nxc5 b6 9. Nb3 Bd6 10. Qd2 Nf6 11. O-O-O Kf8 12. Rde1 Qa6 13. Ne5 Qxa2 14. Nxc6
Qa4 15. Ne5 Ba6 16. f4 Ne4 17. Qd1 Rc8 18. c3 Ke7 19. g4 Rc7 20. g5 h6 21. Bg1
hxg5 22. Rxe4 f6 23. Ng6+ Ke8 24. Nxh8 Bb7 25. Rxe6+ Re7 26. Rxe7+ Kxe7 27. d5
Bxf4+ 28. Kb1 Bd6 29. Bd4 Bxd5 30. Bxf6+ Ke6 31. Re1+ Kxf6 32. Qxd5 Bxh2 33.
Re6# 1-0

[Event "Seattle Summer Kickoff (1-3 U900)"]
[Site "Chess.com"]
[Date "2020.06.13"]
[Round "1"]
[White "Malone, Cullen"]
[Black "Ephrem, Keli"]
[Result "1-0"]
[WhiteElo "834"]
[BlackElo "616"]
[PlyCount "33"]
[EventDate "2020.??.??"]
[SourceDate "2020.06.27"]

1. e4 e5 2. Nf3 Qf6 3. Bc4 Bc5 4. O-O g5 5. d4 Bb6 6. dxe5 Qf4 7. Bxf4 gxf4 8.
Nc3 Nf6 9. Nd5 Nxd5 10. exd5 Rg8 11. d6 h5 12. dxc7 Bxc7 13. Qd5 h4 14. Qxf7+
Kd8 15. Qxg8+ Ke7 16. Qf7+ Kd8 17. Qf8# 1-0

[Event "Seattle Summer Kickoff (1-3 U900)"]
[Site "Chess.com"]
[Date "2020.06.13"]
[Round "1"]
[White "Nemani, Savant Ram"]
[Black "Harding, Max"]
[Result "1-0"]
[WhiteElo "509"]
[BlackElo "743"]
[PlyCount "53"]
[EventDate "2020.??.??"]
[SourceDate "2020.06.27"]

1. e4 e5 2. Nf3 Nc6 3. Bc4 Na5 4. Nxe5 Nxc4 5. Nxc4 Nf6 6. Nc3 c6 7. e5 Nd5 8.
O-O b5 9. Ne3 b4 10. Ncxd5 cxd5 11. Nxd5 Bb7 12. Ne3 Bc5 13. d4 f5 14. Nxf5 O-O
15. dxc5 Rxf5 16. Re1 Qc8 17. Qd4 Qc6 18. f3 Qg6 19. Qxb4 Bxf3 20. Qd2 Rg5 21.
Qxg5 Qxg5 22. Bxg5 h6 23. gxf3 hxg5 24. e6 dxe6 25. Rxe6 Kf7 26. Rae1 Re8 27.
Rxe8 1-0

[Event "Seattle Summer Kickoff (1-3 U900)"]
[Site "Chess.com"]
[Date "2020.06.13"]
[Round "1"]
[White "Ramkumar, Siddharth"]
[Black "Chen, Lawrence"]
[Result "1/2-1/2"]
[WhiteElo "740"]
[BlackElo "491"]
[PlyCount "71"]
[EventDate "2020.??.??"]
[SourceDate "2020.06.27"]

1. e4 e5 2. Nf3 Nc6 3. Bc4 Bc5 4. d3 Nf6 5. Bg5 d6 6. h3 Qe7 7. O-O Be6 8. Bb3
Bxb3 9. axb3 O-O-O 10. Nc3 g6 11. Nd5 Nxd5 12. Bxe7 h5 13. Bxd8 Kxd8 14. c3 f5
15. c4 fxe4 16. cxd5 Nb4 17. dxe4 Rf8 18. Ng5 Bd4 19. Ne6+ Ke8 20. Nxf8 Kxf8
21. Ra4 Nxd5 22. Rxd4 Nb6 23. Rb4 Nd7 24. Rxb7 a5 25. Rxc7 Ke8 26. Rxd7 Kxd7
27. Qd2 a4 28. bxa4 Ke6 29. g4 h4 30. Rd1 Kf6 31. Qxd6+ Kg5 32. Qxe5+ Kh6 33.
Rd5 g5 34. Qxg5+ Kh7 35. Rd6 Kh8 36. Rd7 1/2-1/2

[Event "Seattle Summer Kickoff (1-3 U900)"]
[Site "Chess.com"]
[Date "2020.06.13"]
[Round "1"]
[White "Rusia, Naman"]
[Black "Valiveti, Sriram"]
[Result "0-1"]
[WhiteElo "871"]
[BlackElo "653"]
[PlyCount "54"]
[EventDate "2020.??.??"]
[SourceDate "2020.06.27"]

1. d4 d5 2. Nf3 Nf6 3. Nc3 e6 4. e3 Bd6 5. Bd3 O-O 6. O-O Nc6 7. Qe2 e5 8. dxe5
Nxe5 9. Nxe5 Bxe5 10. f4 Bd6 11. e4 Bg4 12. Qf2 dxe4 13. Nxe4 Nxe4 14. Bxe4 c6
15. h3 Be6 16. Qh4 Qxh4 17. Rd1 Bxf4 18. Bxf4 Qxf4 19. Bf3 Rad8 20. b3 Rxd1+
21. Rxd1 h6 22. Be2 Re8 23. Rf1 Qe3+ 24. Rf2 Qc1+ 25. Rf1 Qxc2 26. Bh5 Qc5+ 27.
Kh2 Qxh5 0-1

[Event "Seattle Summer Kickoff (1-3 U900)"]
[Site "Chess.com"]
[Date "2020.06.13"]
[Round "1"]
[White "Sankar, Sneha"]
[Black "Kapur, Viraaj"]
[Result "1-0"]
[WhiteElo "774"]
[BlackElo "547"]
[PlyCount "45"]
[EventDate "2020.??.??"]
[SourceDate "2020.06.27"]

1. e4 e5 2. d4 Nc6 3. d5 Nd4 4. c3 Nb5 5. Bxb5 Nf6 6. Nd2 Bc5 7. Ngf3 Ng4 8.
O-O O-O 9. Nxe5 Nxe5 10. Re1 d6 11. Nb3 Bg4 12. Qd2 Ng6 13. Nxc5 dxc5 14. b4
Bd7 15. bxc5 Bxb5 16. Rb1 Ba4 17. Rb4 Bd7 18. Qe2 Nf4 19. Bxf4 Be8 20. Qe3 Qc8
21. Qg3 c6 22. Be5 a5 23. Qxg7# 1-0

[Event "Seattle Summer Kickoff (1-3 U900)"]
[Site "Chess.com"]
[Date "2020.06.13"]
[Round "1"]
[White "Suriya, Aarti"]
[Black "Boddapati, Mahas"]
[Result "1-0"]
[WhiteElo "635"]
[BlackElo "836"]
[PlyCount "73"]
[EventDate "2020.??.??"]
[SourceDate "2020.06.27"]

1. e4 c5 2. Nf3 Nc6 3. Bc4 Nf6 4. Qe2 g6 5. O-O Bg7 6. Rd1 O-O 7. c3 d6 8. h3
e5 9. d4 Qe7 10. Bg5 b6 11. d5 Nb8 12. Bxf6 Qxf6 13. b4 Qe7 14. bxc5 bxc5 15.
Nbd2 Nd7 16. Bb5 Nf6 17. Bc6 Rb8 18. Nb3 Bd7 19. Bxd7 Qxd7 20. Na5 Qd8 21. Nc6
Qc7 22. Nxb8 Qxb8 23. Rdb1 Qe8 24. Rb7 Qa8 25. Rab1 h6 26. Nd2 Nh5 27. Nc4 Nf4
28. Qe3 Kh7 29. Nxd6 Qd8 30. Qxc5 Qf6 31. Rxa7 Rh8 32. Rxf7 Qg5 33. Rbb7 Rg8
34. Qa7 h5 35. Rxg7+ Rxg7 36. Rxg7+ Kh6 37. Rh7# 1-0

[Event "Seattle Summer Kickoff (1-3 U900)"]
[Site "Chess.com"]
[Date "2020.06.13"]
[Round "1"]
[White "Tiwari, Anay"]
[Black "Wang, Lucas"]
[Result "1-0"]
[WhiteElo "692"]
[BlackElo "899"]
[PlyCount "97"]
[EventDate "2020.??.??"]
[SourceDate "2020.06.27"]

1. e4 e5 2. Nf3 Nc6 3. Nc3 Nf6 4. Bb5 a6 5. Bxc6 dxc6 6. O-O Bg4 7. d3 Bb4 8.
Bd2 Bxf3 9. Qxf3 Qd6 10. a3 Bxc3 11. Bxc3 O-O-O 12. Rfe1 h5 13. Qf5+ Rd7 14.
Bxe5 g6 15. Qxf6 Qe7 16. Qxe7 Rxe7 17. Bxh8 Rd7 18. c3 Rxd3 19. b4 Rd8 20. Be5
b6 21. Red1 Re8 22. f4 g5 23. g3 h4 24. Re1 Re6 25. Re2 f6 26. Bd4 c5 27. Bf2
f5 28. bxc5 bxc5 29. Bxc5 c6 30. fxg5 Kd8 31. Rd2+ Ke8 32. Rd6 Rxe4 33. Rxc6
Rc4 34. Rb1 Rxc5 35. Rxc5 Kf7 36. Rxf5+ Kg6 37. Ra5 Kh5 38. Rxa6 Kxg5 39. Rc6
Kg4 40. a4 hxg3 41. hxg3 Kxg3 42. a5 Kf3 43. a6 Ke3 44. a7 Kd3 45. Rd1+ Kc2 46.
Rcd6 Kxc3 47. Rc1+ Kb4 48. Rb6+ Ka5 49. Rb8 1-0

[Event "Seattle Summer Kickoff (1-3 U900)"]
[Site "Chess.com"]
[Date "2020.06.13"]
[Round "1"]
[White "Tsai, Nicholas"]
[Black "Potturu, Monish"]
[Result "0-1"]
[WhiteElo "615"]
[BlackElo "808"]
[PlyCount "114"]
[EventDate "2020.??.??"]
[SourceDate "2020.06.27"]

1. e4 e5 2. Bc4 d6 3. d3 Nf6 4. Nf3 Be7 5. Nc3 Nc6 6. Bg5 O-O 7. Bxf6 Bxf6 8.
O-O Bg4 9. Nd5 Bxf3 10. Qxf3 Be7 11. Nxe7+ Qxe7 12. Qh5 Qf6 13. Rae1 Nd4 14.
Re3 Nxc2 15. Rh3 h6 16. Rf3 Qe7 17. Bb3 Nd4 18. Bxf7+ Rxf7 19. Rg3 Rf6 20. Qh4
Re8 21. Rc1 Ne2+ 22. Kf1 Nxc1 23. Ke1 Nxa2 24. Rf3 Rxf3 25. Qxe7 Rxe7 26. gxf3
Rf7 27. Ke2 g5 28. Ke3 Rf4 29. h3 h5 30. b3 g4 31. fxg4 hxg4 32. hxg4 Rxg4 33.
Kf3 Rf4+ 34. Ke3 c6 35. f3 d5 36. exd5 cxd5 37. Kf2 d4 38. Kg3 Rf8 39. Kg4 Rf4+
40. Kg3 Nc3 41. b4 Ne2+ 42. Kf2 Nc3 43. Kg3 Rf8 44. Kg4 Re8 45. f4 e4 46. dxe4
Nxe4 47. f5 d3 48. Kf3 d2 49. Ke2 Rd8 50. Ke3 d1=Q 51. Kxe4 Qe1+ 52. Kf4 Rd4+
53. Kf3 Qe4+ 54. Kg3 Qf4+ 55. Kg2 Rd3 56. Kg1 Qg3+ 57. Kh1 Rd1# 0-1

[Event "Seattle Summer Kickoff (1-3 U900)"]
[Site "Chess.com"]
[Date "2020.06.13"]
[Round "1"]
[White "Venuturumilli, Dhruv"]
[Black "Bogdanov, Ivan"]
[Result "1-0"]
[WhiteElo "781"]
[BlackElo "722"]
[PlyCount "23"]
[EventDate "2020.??.??"]
[SourceDate "2020.06.27"]

1. e4 e5 2. Nf3 Nc6 3. d4 exd4 4. Nxd4 Nxd4 5. Qxd4 Nf6 6. e5 c5 7. Qf4 Nd5 8.
Qe4 Nc7 9. Bc4 Be7 10. O-O O-O 11. Bd3 d6 12. Qxh7# 1-0

[Event "Seattle Summer Kickoff (1-3 U900)"]
[Site "Chess.com"]
[Date "2020.06.13"]
[Round "1"]
[White "Yuen, Otto Shing-Lok"]
[Black "Jewsbury, Annika"]
[Result "1-0"]
[WhiteElo "801"]
[BlackElo "594"]
[PlyCount "71"]
[EventDate "2020.??.??"]
[SourceDate "2020.06.27"]

1. e4 e5 2. Nf3 d6 3. Nc3 Bg4 4. d3 Be7 5. Be2 Bd7 6. O-O Bc6 7. h3 d5 8. exd5
Bxd5 9. Nxd5 Qxd5 10. a3 Bc5 11. b4 Bb6 12. c4 Qe6 13. Qa4+ c6 14. c5 Bd8 15.
Ng5 Qf6 16. Ne4 Qf5 17. Bg4 Qf6 18. Nxf6+ Nxf6 19. Be2 O-O 20. Qb3 Be7 21. b5
a6 22. bxc6 bxc6 23. Qb7 Nbd7 24. Bg5 Rab8 25. Qxa6 Nxc5 26. Qxc6 Nfd7 27. Bxe7
Rfe8 28. Bxc5 Nf6 29. Rab1 Rbc8 30. Qd5 Nxd5 31. Be3 Nc3 32. Rb2 Rb8 33. Rc2
Rec8 34. Rfc1 Nb5 35. Rxc8+ Rxc8 36. Rxc8# 1-0

[Event "Seattle Summer Kickoff (1-3 U900)"]
[Site "Chess.com"]
[Date "2020.06.13"]
[Round "2"]
[White "Boddapati, Mahas"]
[Black "Ephrem, Keli"]
[Result "1-0"]
[WhiteElo "836"]
[BlackElo "616"]
[PlyCount "37"]
[EventDate "2020.??.??"]
[SourceDate "2020.06.27"]

1. e4 e5 2. d4 Qf6 3. Nf3 c5 4. dxe5 Qe6 5. Bd3 c4 6. Be2 c3 7. Nxc3 b6 8. O-O
Ba6 9. Bxa6 Nxa6 10. Bf4 O-O-O 11. Ng5 d6 12. Nxe6 dxe5 13. Qxd8+ Kb7 14. Bxe5
Nb8 15. Qxb8+ Ka6 16. Nc7+ Ka5 17. Qxa7+ Kb4 18. Qxb6+ Kc4 19. Qd4# 1-0

[Event "Seattle Summer Kickoff (1-3 U900)"]
[Site "Chess.com"]
[Date "2020.06.13"]
[Round "2"]
[White "Bogdanov, Ivan"]
[Black "Rusia, Naman"]
[Result "1-0"]
[WhiteElo "722"]
[BlackElo "871"]
[PlyCount "81"]
[EventDate "2020.??.??"]
[SourceDate "2020.06.27"]

1. e4 e5 2. Nf3 Nc6 3. Nc3 Bd6 4. Bb5 a6 5. Bxc6 bxc6 6. d3 Nf6 7. Bg5 h6 8.
Bxf6 Qxf6 9. O-O O-O 10. Qe2 Rb8 11. b3 Re8 12. Rad1 Bc5 13. Na4 d6 14. Nxc5
dxc5 15. d4 cxd4 16. Rc1 Bg4 17. Rfd1 Bxf3 18. Qxf3 Qxf3 19. gxf3 c5 20. c3
dxc3 21. Rxc3 Rb5 22. Rd5 Ra5 23. a4 c6 24. Rdxc5 Rxc5 25. Rxc5 Rc8 26. Rxe5 f6
27. Ra5 Ra8 28. Kf1 Rb8 29. Rxa6 Rxb3 30. Rxc6 Rb1+ 31. Ke2 Ra1 32. Rc8+ Kf7
33. Ke3 Rxa4 34. Rc7+ Kg6 35. Kf4 f5 36. h3 fxe4 37. fxe4 h5 38. Rc6+ Kf7 39.
Rc5 Ra7 40. Rxh5 g6 41. Rh7+ 1-0

[Event "Seattle Summer Kickoff (1-3 U900)"]
[Site "Chess.com"]
[Date "2020.06.13"]
[Round "2"]
[White "Chen, Lawrence"]
[Black "Wang, Lucas"]
[Result "1-0"]
[WhiteElo "491"]
[BlackElo "899"]
[PlyCount "71"]
[EventDate "2020.??.??"]
[SourceDate "2020.06.27"]

1. e4 e5 2. Nf3 Nc6 3. Nc3 Nf6 4. Bc4 Bb4 5. a3 Bxc3 6. bxc3 O-O 7. d3 d5 8.
exd5 Nxd5 9. Bxd5 Qxd5 10. Rb1 Bg4 11. d4 exd4 12. cxd4 Nxd4 13. Qxd4 Qxd4 14.
Nxd4 Rad8 15. Nb5 Bf5 16. Rb2 Rfe8+ 17. Be3 Re5 18. Nxc7 Rc8 19. Nb5 a6 20. Na7
Ra8 21. O-O Re7 22. Bc5 Rc8 23. Bxe7 Re8 24. Bc5 Re6 25. Nc8 Rc6 26. Ne7+ Kf8
27. Nxc6+ Ke8 28. Ne7 b6 29. Rxb6 Bxc2 30. Rc1 Bf5 31. Nxf5 Kd7 32. Rxa6 g6 33.
Nd4 Kc7 34. Rb1 Kd7 35. Rb7+ Ke8 36. Ra8# 1-0

[Event "Seattle Summer Kickoff (1-3 U900)"]
[Site "Chess.com"]
[Date "2020.06.13"]
[Round "2"]
[White "Harding, Max"]
[Black "Jewsbury, Annika"]
[Result "1-0"]
[WhiteElo "743"]
[BlackElo "594"]
[PlyCount "69"]
[EventDate "2020.??.??"]
[SourceDate "2020.06.27"]

1. e4 e5 2. Nf3 Nc6 3. Bb5 Nf6 4. Qe2 Bb4 5. c3 Bc5 6. b4 Be7 7. Bxc6 dxc6 8.
Nxe5 O-O 9. d4 b6 10. O-O a5 11. bxa5 bxa5 12. Nxc6 Qd6 13. Ba3 Qxc6 14. Bxe7
Nd7 15. d5 Qb6 16. Bxf8 Nxf8 17. Nd2 Ba6 18. Qf3 Ng6 19. Rab1 Qa7 20. c4 Nh4
21. Qg3 Ng6 22. e5 Rc8 23. e6 fxe6 24. dxe6 c5 25. Rbe1 Re8 26. Re2 Re7 27.
Rfe1 Qd7 28. exd7 Rxd7 29. Re8+ Kf7 30. Qf3+ Nf4 31. Qxf4+ Kg6 32. R1e6+ Kh5
33. g4+ Kh4 34. Qg3+ Kg5 35. Nf3# 1-0

[Event "Seattle Summer Kickoff (1-3 U900)"]
[Site "Chess.com"]
[Date "2020.06.13"]
[Round "2"]
[White "Kunimoto, Jonah"]
[Black "Yuen, Otto Shing-Lok"]
[Result "0-1"]
[WhiteElo "572"]
[BlackElo "801"]
[PlyCount "56"]
[EventDate "2020.??.??"]
[SourceDate "2020.06.27"]

1. e4 e5 2. Bc4 Nf6 3. g4 Nxe4 4. Qf3 Nf6 5. g5 d5 6. Bb3 e4 7. Qf4 Nh5 8. Qe3
h6 9. gxh6 Rxh6 10. d4 Nf6 11. Bd2 Ng4 12. Qc3 Rh8 13. h3 Nf6 14. h4 Nc6 15.
Ba4 Bd7 16. Nh3 Rxh4 17. Na3 Bxa3 18. bxa3 a6 19. Bxc6 Bxc6 20. f4 Rg4 21. Ng5
Qd7 22. Rh8+ Ke7 23. Rxa8 Rg1+ 24. Kf2 Qg4 25. Nf3 Rg2+ 26. Ke3 exf3 27. Be1
Qe6+ 28. Kxf3 Qe2# 0-1

[Event "Seattle Summer Kickoff (1-3 U900)"]
[Site "Chess.com"]
[Date "2020.06.13"]
[Round "2"]
[White "Potturu, Monish"]
[Black "Suriya, Aarti"]
[Result "0-1"]
[WhiteElo "808"]
[BlackElo "635"]
[PlyCount "62"]
[EventDate "2020.??.??"]
[SourceDate "2020.06.27"]

1. e4 e5 2. Nf3 Nc6 3. Bb5 a6 4. Ba4 b5 5. Bb3 Nf6 6. Qe2 Bc5 7. O-O O-O 8. c3
d6 9. d3 Bg4 10. Be3 Bxe3 11. fxe3 Re8 12. d4 exd4 13. cxd4 d5 14. exd5 Nxd5
15. Bxd5 Qxd5 16. Nbd2 Nxd4 17. Qf2 Nc2 18. Rac1 Nb4 19. Rxc7 Nxa2 20. Rc2 Nb4
21. Rcc1 Nd3 22. e4 Rxe4 23. Nxe4 Nxf2 24. Nxf2 Bxf3 25. gxf3 Qxf3 26. Rc3 Qe2
27. Rb3 Re8 28. h3 Re6 29. Nd3 Rg6+ 30. Kh1 Qxf1+ 31. Kh2 Qg2# 0-1

[Event "Seattle Summer Kickoff (1-3 U900)"]
[Site "Chess.com"]
[Date "2020.06.13"]
[Round "2"]
[White "Ramkumar, Siddharth"]
[Black "Nemani, Savant Ram"]
[Result "0-1"]
[WhiteElo "740"]
[BlackElo "509"]
[PlyCount "110"]
[EventDate "2020.??.??"]
[SourceDate "2020.06.27"]

1. e4 e5 2. Nf3 Nc6 3. Bc4 Bc5 4. d3 Nf6 5. Nc3 O-O 6. O-O d6 7. h3 h6 8. b3 a6
9. a4 Be6 10. Bxe6 fxe6 11. Bb2 d5 12. Ba3 Bxa3 13. Rxa3 d4 14. Ne2 Qd6 15. Ra1
b5 16. axb5 axb5 17. Rxa8 Rxa8 18. c4 dxc3 19. Nxc3 b4 20. Nb5 Qd7 21. d4 exd4
22. Nbxd4 Nxd4 23. Nxd4 Nxe4 24. Re1 Nc5 25. Nc2 Qxd1 26. Rxd1 Nxb3 27. Nxb4 c5
28. Nd3 c4 29. Nc1 Nxc1 30. Rxc1 Rc8 31. Kf1 Kf8 32. Ke2 Ke7 33. Ke3 Kd6 34.
Kd4 e5+ 35. Kc3 Kd5 36. Kb4 Kd4 37. g4 c3 38. Kb3 Kd3 39. Ka2 Kd2 40. Kb1 c2+
41. Kb2 e4 42. h4 e3 43. fxe3 Kxe3 44. Rxc2 Rxc2+ 45. Kxc2 Kf4 46. g5 hxg5 47.
hxg5 Kxg5 48. Kd2 Kf4 49. Ke1 Kg3 50. Kf1 Kh2 51. Kf2 g5 52. Kf1 g4 53. Kf2 g3+
54. Kf1 g2+ 55. Kf2 g1=Q+ 0-1

[Event "Seattle Summer Kickoff (1-3 U900)"]
[Site "Chess.com"]
[Date "2020.06.13"]
[Round "2"]
[White "Smith, Cole"]
[Black "Tsai, Nicholas"]
[Result "1-0"]
[WhiteElo "776"]
[BlackElo "615"]
[PlyCount "63"]
[EventDate "2020.??.??"]
[SourceDate "2020.06.27"]

1. d4 d5 2. Bf4 e6 3. Nf3 Bb4+ 4. c3 Ba5 5. Be5 Nc6 6. Bxg7 Nf6 7. Bxh8 Ne4 8.
e3 Ne7 9. Be5 Nf5 10. Bb5+ c6 11. Bd3 Nh4 12. Nxh4 Qxh4 13. O-O f6 14. Bg3 Nxg3
15. fxg3 Qh6 16. g4 Qxe3+ 17. Kh1 e5 18. Bxh7 exd4 19. cxd4 Bb6 20. Rxf6 Bxd4
21. Bg6+ Ke7 22. Rf7+ Ke6 23. Rf3 Qh6 24. Bf5+ Kf6 25. Qxd4+ Ke7 26. Qe5+ Be6
27. Qc7+ Bd7 28. Qxd7+ Kf6 29. Qd6+ Kg7 30. Qe7+ Kh8 31. Nc3 Qd2 32. Qh7# 1-0

[Event "Seattle Summer Kickoff (1-3 U900)"]
[Site "Chess.com"]
[Date "2020.06.13"]
[Round "2"]
[White "Valiveti, Sriram"]
[Black "Malone, Cullen"]
[Result "1-0"]
[WhiteElo "653"]
[BlackElo "834"]
[PlyCount "109"]
[EventDate "2020.??.??"]
[SourceDate "2020.06.27"]

1. e4 e5 2. Nf3 Nc6 3. d4 exd4 4. Nxd4 Nxd4 5. Qxd4 c5 6. Qe3 Nf6 7. Bd3 d6 8.
O-O Be7 9. Nc3 O-O 10. Qf3 Bg4 11. Qf4 Bh5 12. Be3 Ng4 13. h3 Nxe3 14. Qxe3 Bg5
15. Qg3 Bh4 16. Qh2 Qg5 17. Qxd6 Bf3 18. g3 Rfd8 19. Qf4 Qxf4 20. gxf4 Re8 21.
Rfe1 Rad8 22. Re3 Bh5 23. Nb5 a6 24. Nc7 Re7 25. Nd5 Red7 26. Nc3 g5 27. fxg5
Bxg5 28. Rg3 f6 29. h4 Rg7 30. hxg5 fxg5 31. Na4 c4 32. Bxc4+ Kf8 33. Nc5 Rd1+
34. Rxd1 Bxd1 35. Ne6+ Kf7 36. Nxg7+ Kxg7 37. Rxg5+ Kf6 38. Rf5+ Kg6 39. Rf7
Bxc2 40. e5 Bf5 41. e6 Bxe6 42. Bxe6 h6 43. f4 h5 44. f5+ Kg5 45. f6 h4 46. Rf8
Kg6 47. f7 Kf6 48. Re8 Ke5 49. f8=Q Kd4 50. Re7 Ke5 51. Bh3+ Kd6 52. Qd8+ Kc6
53. Rc7+ Kb6 54. Qb8 a5 55. Qxb7# 1-0

[Event "Seattle Summer Kickoff (1-3 U900)"]
[Site "Chess.com"]
[Date "2020.06.13"]
[Round "3"]
[White "Bogdanov, Ivan"]
[Black "Potturu, Monish"]
[Result "1/2-1/2"]
[WhiteElo "722"]
[BlackElo "808"]
[PlyCount "155"]
[EventDate "2020.??.??"]
[SourceDate "2020.06.27"]

1. e4 e5 2. Nf3 Nf6 3. Nc3 Nc6 4. Bb5 a6 5. Bxc6 dxc6 6. d3 Be7 7. Bg5 O-O 8.
Bxf6 Bxf6 9. Qd2 Bg4 10. O-O-O h6 11. h3 Bg5 12. Nxg5 Bxd1 13. Nf3 Bxf3 14.
gxf3 Qf6 15. Qe3 Qf4 16. Qxf4 exf4 17. Rg1 Rfe8 18. Rg4 g5 19. Ne2 Re5 20. Nxf4
f5 21. Rg2 fxe4 22. fxe4 Kh7 23. Ne2 Rf8 24. Nc3 Rf3 25. d4 Re8 26. Rh2 Kg6 27.
Kd2 Ref8 28. Ke2 h5 29. Na4 g4 30. Rg2 Kh6 31. hxg4 hxg4 32. Rxg4 Rxf2+ 33. Kd3
R2f3+ 34. Kd2 Rf2+ 35. Kd3 R8f3+ 36. Kc4 b5+ 37. Kb4 bxa4 38. Rh4+ Kg5 39. Rh7
Rxc2 40. Kxa4 Rc4+ 41. b4 Rxd4 42. Rxc7 Rxe4 43. Rxc6 Rf5 44. Rxa6 Ree5 45. Ra7
Rf3 46. Rg7+ Kf4 47. Rf7+ Ke4 48. Rd7 Rd3 49. Rc7 Kd4 50. Rd7+ Rd5 51. Rf7 Kc3
52. Rc7+ Kb2 53. Rh7 Kxa2 54. Rh2+ Kb1 55. Rh4 R3d4 56. Rh1+ Rd1 57. Rh4 Kc2
58. Rh2+ R1d2 59. Rh4 R2d3 60. Rh2+ Kc3 61. Rh4 R3d4 62. Rh3+ Kc4 63. Rh2 Rb5
64. Rc2+ Kd5 65. Kxb5 Kd6 66. Rc5 Rd5 67. Rxd5+ Kxd5 68. Ka4 Kc6 69. b5+ Kb7
70. Kb4 Kb8 71. Kc5 Kb7 72. b6 Kb8 73. Kc6 Ka8 74. Kb5 Kb7 75. Kc5 Kb8 76. Kc6
Ka8 77. b7+ Kb8 78. Kb6 1/2-1/2

[Event "Seattle Summer Kickoff (1-3 U900)"]
[Site "Chess.com"]
[Date "2020.06.13"]
[Round "3"]
[White "Ephrem, Keli"]
[Black "Rusia, Naman"]
[Result "0-1"]
[WhiteElo "616"]
[BlackElo "871"]
[PlyCount "42"]
[EventDate "2020.??.??"]
[SourceDate "2020.06.27"]

1. e4 e5 2. Qf3 Nh6 3. Bc4 Bd6 4. g4 O-O 5. d3 Bc5 6. Bg5 Be7 7. Bxe7 Qxe7 8.
Bxf7+ Rxf7 9. Qe3 Nc6 10. d4 exd4 11. Qd3 Nxg4 12. Nf3 Nb4 13. Qxd4 Nxc2+ 14.
Kd2 Nxd4 15. Kd3 Nxf3 16. Ke2 Qxe4+ 17. Kf1 Nd2+ 18. Kg1 Qe1+ 19. Kg2 Qe4+ 20.
Kg1 Nxf2 21. Nxd2 Qxh1# 0-1

[Event "Seattle Summer Kickoff (1-3 U900)"]
[Site "Chess.com"]
[Date "2020.06.13"]
[Round "3"]
[White "Kapur, Viraaj"]
[Black "Smith, Cole"]
[Result "1-0"]
[WhiteElo "547"]
[BlackElo "776"]
[PlyCount "67"]
[EventDate "2020.??.??"]
[SourceDate "2020.06.27"]

1. e4 Nf6 2. Nf3 Nxe4 3. Bd3 Nf6 4. Bc4 d5 5. Bb3 Bf5 6. Nc3 e6 7. O-O Bd6 8.
d3 Nc6 9. Nb5 Ng4 10. Bg5 f6 11. Bh4 O-O 12. Qd2 Ne7 13. d4 Ng6 14. Qe2 Be4 15.
Ba4 Nf4 16. Qd2 Bxf3 17. gxf3 Nh3+ 18. Kg2 Nf4+ 19. Kg1 Nh6 20. Bg3 Qe8 21.
Bxf4 Qg6+ 22. Kh1 e5 23. Bxh6 Qxh6 24. Qxh6 gxh6 25. Rg1+ Kh8 26. dxe5 fxe5 27.
Rad1 Bc5 28. Rxd5 Bxf2 29. Nxc7 Rac8 30. Ne6 Rfe8 31. Bxe8 Rxe8 32. Rxe5 Rg8
33. Rg2 Bd4 34. Nxd4 1-0

[Event "Seattle Summer Kickoff (1-3 U900)"]
[Site "Chess.com"]
[Date "2020.06.13"]
[Round "3"]
[White "Malone, Cullen"]
[Black "Harding, Max"]
[Result "1-0"]
[WhiteElo "834"]
[BlackElo "743"]
[PlyCount "73"]
[EventDate "2020.??.??"]
[SourceDate "2020.06.27"]

1. e4 e5 2. Nf3 Nc6 3. Bc4 Nf6 4. Nc3 Nd4 5. O-O Nxf3+ 6. Qxf3 Bb4 7. d3 Bxc3
8. bxc3 O-O 9. Ba3 d6 10. d4 exd4 11. cxd4 Bg4 12. Qf4 h5 13. e5 Ne8 14. exd6
Nxd6 15. h3 Nxc4 16. Bxf8 Qxf8 17. hxg4 hxg4 18. Qxg4 f5 19. Qf3 Nd2 20. Qxb7
Nxf1 21. Rxf1 Rb8 22. Qxc7 Qa3 23. Qxb8+ Kf7 24. Qc7+ Ke6 25. Qe5+ Kd7 26.
Qxg7+ Ke6 27. Qe5+ Kf7 28. Re1 Qxa2 29. Qxf5+ Kg7 30. Re7+ Kh6 31. Qh3+ Kg6 32.
Qf3 Kg5 33. Re5+ Kg6 34. Qf6+ Kh7 35. Re7+ Kg8 36. Qg6+ Kf8 37. Qg7# 1-0

[Event "Seattle Summer Kickoff (1-3 U900)"]
[Site "Chess.com"]
[Date "2020.06.13"]
[Round "3"]
[White "Nemani, Savant Ram"]
[Black "Chen, Lawrence"]
[Result "1-0"]
[WhiteElo "509"]
[BlackElo "491"]
[PlyCount "49"]
[EventDate "2020.??.??"]
[SourceDate "2020.06.27"]

1. e4 e5 2. Nf3 Nc6 3. Nc3 Nf6 4. d4 exd4 5. Nxd4 Nxd4 6. Qxd4 c5 7. Qd2 d5 8.
exd5 Nxd5 9. Nxd5 Be6 10. Bc4 Be7 11. O-O O-O 12. Nxe7+ Qxe7 13. Bxe6 fxe6 14.
Qe3 b6 15. f4 Rad8 16. Qe4 Rd4 17. Qe3 Rdxf4 18. Rxf4 Rxf4 19. Qxf4 Qd7 20.
Qb8+ Kf7 21. Be3 a5 22. Qxb6 Qd5 23. Qxc5 Qe4 24. Rf1+ Kg6 25. Qg5# 1-0

[Event "Seattle Summer Kickoff (1-3 U900)"]
[Site "Chess.com"]
[Date "2020.06.13"]
[Round "3"]
[White "Ramkumar, Siddharth"]
[Black "Kunimoto, Jonah"]
[Result "1-0"]
[WhiteElo "740"]
[BlackElo "572"]
[PlyCount "119"]
[EventDate "2020.??.??"]
[SourceDate "2020.06.27"]

1. e4 e5 2. Nf3 Bc5 3. Bc4 g5 4. O-O Bd6 5. c3 Nf6 6. d4 Nxe4 7. Nbd2 exd4 8.
cxd4 Nxd2 9. Qxd2 g4 10. Ne1 Qh4 11. g3 Qh5 12. Qg5 Qxg5 13. Bxg5 f6 14. Bxf6
Rf8 15. Bg7 Rg8 16. Bxg8 Nc6 17. Nd3 Nxd4 18. Bxd4 Bf8 19. Bf6 Be7 20. Rfe1 Kf8
21. Rxe7 Kxg8 22. Re8+ Kf7 23. Rh8 Kxf6 24. Rxh7 Kg6 25. Re7 Kf6 26. Re3 Kf5
27. Rc1 c5 28. Rxc5+ Kf6 29. Nc1 b6 30. Rd5 Bb7 31. Rxd7 Bc6 32. Rdd3 Bb5 33.
Rd6+ Kf7 34. Rc3 a5 35. Rc7+ Kg8 36. Nb3 Kf8 37. Nd4 Bc4 38. Nc6 Bb5 39. Na7
Bc4 40. Rc8+ Rxc8 41. Nxc8 Ke8 42. Nxb6 Bd3 43. Rxd3 a4 44. b3 a3 45. Nc4 Ke7
46. Nxa3 Ke6 47. f4 Kf5 48. h4 Kg6 49. Rd6+ Kf5 50. h5 Ke4 51. h6 Kf3 52. h7
Kxg3 53. h8=Q Kxf4 54. Rd5 g3 55. Qh4+ Kf3 56. Rg5 Ke2 57. Qxg3 Kd1 58. Qf2 Kc1
59. Re5 Kd1 60. Re1# 1-0